Dobroslav Chrobák: Drak sa vracia

Bibliographic Details
Main Author: Horák, Gejza, 1919-2003 (Author)
Format: Article
Language:Slovak
Subjects:

MARC

LEADER 00000nab a2200000 a 4500
001 vtls000247932
003 SK-MaSNL
005 20260302211024.0
008 111130c1986 xo 0 slo
015 |a SNBRB19rr/mm-uuuuu 
035 |a CL0258046 
040 |a SNKBUCL  |b slo  |c SNKBUCL  |e AACR2 
041 0 |a slo 
044 |a xo  |c SK 
080 |a 801.82  |2 1981 
080 |a 808.54-085.3  |2 1981 
100 1 |a Horák, Gejza,  |d 1919-2003  |4 aut  |9 104508 
245 1 0 |a Dobroslav Chrobák: Drak sa vracia  |c G. Horák 
500 |a V rubrike Jazykové prechádzky prózou. 
600 1 7 |a Chrobák, Dobroslav,  |d 1907-1951  |t Drak sa vracia  |2 snkbucl  |9 108541 
650 0 7 |a lyrizovaná próza  |2 snkbucl  |9 100629 
655 7 |a články z novín a časopisov  |2 snkbucl  |9 267496 
773 0 |t Ľud  |g Roč. 39, č. 111 (14. 5. 1986), s. 5 
850 |a Slovenská národná knižnica v Martine  |a MTA001 
852 |a SNK  |b KIS3GCP 
958 |a LX 
992 |a RBX 
999 |c 1484792  |d 1486722